| 000 | 00357 a2200109 4500 | ||
|---|---|---|---|
| 001 | ART_44811 | ||
| 005 | 20260410162024.0 | ||
| 008 | 260409a | ||
| 245 | 1 | 0 | _aLa variable color o raza en los censos demográficos brasileños |
| 100 | 1 | _aPaixao, Marcelo | |
| 773 | 0 |
_tNotas de población _g- Año XXXVI, Nº 89 (jul./dic. 2009) _wREV41841 |
|
| 999 |
_c33370 _d33370 |
||